| 000 | 00895cam a2200181 4500 | ||
|---|---|---|---|
| 001 | X107202 | ||
| 008 | 000000n2000 000 0 eng u | ||
| 035 | _a(Sirsi) u107202 | ||
| 245 | _aAdvertisement control | ||
| 260 | _c2000 | ||
| 490 |
_aEstates Gazette _v[2000] EGCS 74 (24/06/2000) |
||
| 520 | _a"Hertsmere BC v Reid Estates Ltd", QBD 15 June 2000. Council granting respondent express permission to display advertisement - advertisment to be kept in clean and tidy condition - express permission expiring - advertisement kept in unclean and untidy condition - whether advertisment subject of deemed consent - Town and Country Planning Act (Control of Advertisement) Regulations 1992. | ||
| 650 | _aEXPRESS PERMISSION | ||
| 650 | _aADVERTISING HOARDINGS | ||
| 650 | _aHERTSMERE BC V REID ESTATES | ||
| 690 | _aENVIRONMENTAL AND LAND CONSULTANCY-PLANNING AND DEVELOPMENT | ||
| 942 | _n0 | ||
| 999 |
_c64089 _d64089 |
||